000 00492nam a22001697a 4500
005 20251108172012.0
008 250721s1998 xx 000 0 ara d
082 1 4 _a599.74/نعي
100 1 _aالنعيمي، سليمان نادر
245 1 0 _aالكلب هذا الكائن الغريب /
264 1 _aالدوحة :
_bدار الثقافة للنشر،
_c1998.
300 _a128ص
650 1 7 _aالحيوانات
650 1 7 _aالكلاب
942 _2ddc
_cBK
999 _c67988
_d67988